| 000 | 00737nam a22001337a 4500 | ||
|---|---|---|---|
| 040 | _cRUA | ||
| 082 | _aAGR.BB CHH 2010 B060 Or.1 | ||
| 100 | _aCHHORN, SAMNANG. | ||
| 245 | _aEffect of organic fertilizer on green mustard at omoneyi village anlongvil commune, sangker district, battamban province, ឥទ្ធិពលជីធម្នជាតិលើដំណាំស្ពៃចង្គឹះ នៅភូមិអូរមុនី១ ឃុំអន្លង់វិល ស្រុកសង្កែ ខេត្តបាត់ដំបង. | ||
| 260 |
_aphnom phen _bRUA _c2010 |
||
| 300 |
_aXI,47p. _bill. _c29cm. |
||
| 856 | _uhttps://drive.google.com/file/d/1nafnw_Lmbx_FiJaVZ01r-FKbS5kO3qLS/view?usp=sharing | ||
| 942 | _cAGRBB | ||
| 999 |
_c1414 _d1414 |
||